Детские праздники у японцев; Актуальные проблемы гуманитарных наук

Λεπτομέρειες βιβλιογραφικής εγγραφής
Parent link:Актуальные проблемы гуманитарных наук.— 2013.— [С. 335-336]
Κύριος συγγραφέας: Нгуен Тхи Хуен Чанг
Περίληψη:Заглавие с экрана
Γλώσσα:Ρωσικά
Έκδοση: 2013
Σειρά:Регионоведение
Θέματα:
Διαθέσιμο Online:http://www.lib.tpu.ru/fulltext/c/2013/C20/166.pdf
Μορφή: Ηλεκτρονική πηγή Κεφάλαιο βιβλίου
KOHA link:https://koha.lib.tpu.ru/cgi-bin/koha/opac-detail.pl?biblionumber=240836

MARC

LEADER 00000naa2a2200000 4500
001 240836
005 20251209134320.0
035 |a (RuTPU)RU\TPU\book\262096 
035 |a RU\TPU\book\262003 
090 |a 240836 
100 |a 20130626d2013 k y0rusy50 ca 
101 0 |a rus 
102 |a RU 
135 |a drcn ---uucaa 
181 0 |a i  
182 0 |a b 
200 1 |a Детские праздники у японцев  |f Нгуен Тхи Хуен Чанг 
203 |a Текст  |c электронный 
215 |a 1 файл(305 Кб) 
225 1 |a Регионоведение 
300 |a Заглавие с экрана 
337 |a Adobe Reader 
463 1 |0 (RuTPU)RU\TPU\book\259431  |t Актуальные проблемы гуманитарных наук  |o сборник научных трудов ХII Международной научно-практической конференции студентов, аспирантов и молодых ученых 3-6 апреля 2013 г., г. Томск  |f Национальный исследовательский Томский политехнический университет (ТПУ)  |v [С. 335-336]  |d 2013 
610 1 |a электронный ресурс 
610 1 |a труды учёных ТПУ 
610 1 |a праздники детские 
610 1 |a Япония 
700 0 |a Нгуен Тхи Хуен Чанг 
801 1 |a RU  |b 63413507  |c 20101016 
801 2 |a RU  |b 63413507  |c 20130626  |g RCR 
856 4 |u http://www.lib.tpu.ru/fulltext/c/2013/C20/166.pdf 
942 |c CF